Industrialización casera de la leche y sus derivados /

Guardado en:
Autor Principal: Frankel, Aida María
Formato: Libro
Publicado: Buenos Aires : Albatros, 1981
Materias:
Etiquetas: Agregar Etiqueta
Sin Etiquetas, Sea el primero en etiquetar este registro!
LEADER 00714nam a22002175a 4500
001 CEM.cems015878
005 20090907161946.0
008 130507s1981##################000#0#####d
003 CEMS
082 0 4 |a 637 
100 1 |a Frankel, Aida María 
245 1 0 |a Industrialización casera de la leche y sus derivados /  |c Aida María Frankel 
260 |a Buenos Aires :  |b Albatros,  |c 1981 
300 |a 124 p. 
653 |a Industrias lácteas 
653 |a Leche-ordeñe 
653 |a Leche-producción 
653 |a Manteca-elaboración 
653 |a Reductasa-prueba 
859 |a CEMS  |b BIB. CEMS - Agricultura  |h 637  |i F844  |p A12272.83  |t Ej.1  |v 1  |3 Vol. 1 
859 |a CEMS  |b BIB. CEMS - Agricultura  |h 637  |i F844  |p A12934.84  |t Ej.2  |v 1  |3 Vol. 1